Score 0/16 Timer 03:00
1 Play Today
Scrambled Word Unscrambled Word % Correct
NMAMan
98%
ENINNine
97.3%
HCEFChef
95.7%
DGRIGrid
95.6%
EOROre
95.6%
LAFTFlat
88%
LDCAClad
85.7%
EIDSSSides
85.4%
Scrambled Word Unscrambled Word % Correct
PRACSScrap
75.6%
ATSCCast
74.2%
NPIPUMGPumping
70.7%
Common Word Shared by Above WordsIRON
56.9%
ALGEEEagle
54.7%
ESTILKLSkillet
50.4%
YCDNIECEIFDeficiency
16.3%
YIPERTPyrite
11.3%
Remove Ads.
Support Sporcle.
Get the best of Sporcle when you Go Orange. This ad-free experience offers more features, more stats, and more fun while also helping to support Sporcle. Thank you for becoming a member.

You're not logged in!

Compare scores with friends on all Sporcle quizzes.
OR
Log In

Show Comments

Extras

Top Quizzes Today


Score Distribution

Your Account Isn't Verified!

In order to create a playlist on Sporcle, you need to verify the email address you used during registration. Go to your Sporcle Settings to finish the process.

Report this User

Report this user for behavior that violates our Community Guidelines.

Details: